00531 2200193 4500245008300000020002200083250001000105100001500115700001700130700001600147650002200163650001000185005001900195260006500214041001400279084000800293300002700301336000900328 aYuk Kenali Pahlawan Kita Melalui Permainan Monas dan KuarnascRachmawatihText a978-602-437-237-8 acet.1 aRachmawati aPuji Santosa aAmir Patang aPahlawan Nasional aEbook a20241112105927 aJakarta TimurbBadan Pengembangan dan Pembinaan Bahasac2018 aIndonesia a920 axii, 76 hlm. :c21 cm. atext